| 000 | 00853nam a2200301Ia 4500 | ||
|---|---|---|---|
| 001 | Para_6600 | ||
| 003 | CHAP | ||
| 008 | 220125s1999 xx 000 0 und d | ||
| 010 | _a205400 | ||
| 040 | _cCHAP | ||
| 082 | _aPA 632.95 S44 | ||
| 110 |
_aShell, S.A. (México) _9171428 |
||
| 245 |
_aManual de productos agroquímicos Shell / _c por Shell |
||
| 260 |
_aMéxico : _b Shell |
||
| 300 | _a1v. varios catálogos | ||
| 650 |
_aControl de Plagas _927595 |
||
| 650 |
_aInsecticidas _x aplicación _958857 |
||
| 650 |
_aPesticidas _x aplicacion _987539 |
||
| 650 |
_aPesticidas _x catálogos _9170157 |
||
| 650 |
_aQuímica agrícola _993576 |
||
| 901 | _aPA 632.95 S44 | ||
| 902 | _aA | ||
| 905 | _a00000019-- 0000000000 00 | ||
| 910 | _a19-- | ||
| 942 | _cPARA | ||
| 942 |
_cPARA _d1 |
||
| 999 |
_c205400 _d205400 |
||